[Event "AUTO-MASTER-1705"]
[Site "http://www.queenalice.com/game.php?id=1089368"]
[Date "2012.8.1"]
[Round "1"]
[White "fercous"]
[Black "Artking"]
[Result "1-0"]
[WhiteElo "2080"]
[BlackElo "1920"]

1. c4 Nf6 2. g3 g6 3. Bg2 Bg7 4. e4 d6 5. d4 O-O 6. Nc3 c6 7. f4 Nbd7 8. e5 Ne8
9. Nf3 dxe5 10. dxe5 e6 11. Be3 b6 12. Nd4 Bb7 13. Nxc6 Bxc6 14. Bxc6 Nc5 15.
Bxa8 Qxa8 16. O-O Qc6 17. b4 Ne4 18. Qf3 f5 19. exf6 N8xf6 20. Bd4 Qxc4 21. Be5
Nxc3 22. Qxc3 Qxc3 23. Bxc3 Rc8 24. Rac1 Kf7 25. Bxf6 Rxc1 26. Rxc1 Kxf6 27. Rc7
Bf8 28. b5 1-0

[Event "AUTO-MASTER-1705"]
[Site "http://www.queenalice.com/game.php?id=1089379"]
[Date "2012.8.1"]
[Round "1"]
[White "Rutty"]
[Black "fercous"]
[Result "0-1"]
[WhiteElo "2051"]
[BlackElo "2052"]

1. e4 d6 2. Nf3 Nf6 3. Nc3 g6 4. h3 Bg7 5. Bc4 O-O 6. O-O Nxe4 7. Nxe4 d5 8.
Bxd5 Qxd5 9. d3 c5 10. a3 Nc6 11. Rb1 e5 12. Be3 b6 13. b4 cxb4 14. axb4 f5 15.
Ned2 f4 16. Re1 fxe3 17. Rxe3 Bb7 18. c4 Qd6 19. Ne4 Qe7 20. c5 Nd4 21. Nd6 Bxf3
22. gxf3 Bh6 23. Re4 Nxf3+ 24. Kg2 Nh4+ 25. Rxh4 Qxh4 0-1

[Event "AUTO-MASTER-1705"]
[Site "http://www.queenalice.com/game.php?id=1089380"]
[Date "2012.8.1"]
[Round "1"]
[White "fercous"]
[Black "Rutty"]
[Result "1-0"]
[WhiteElo "2028"]
[BlackElo "2074"]

1. c4 c5 2. g3 Nc6 3. Bg2 Nf6 4. Nc3 g6 5. e3 Bg7 6. d4 cxd4 7. exd4 e6 8. d5
exd5 9. cxd5 Qe7+ 10. Nge2 Ne5 11. d6 Qd8 12. O-O O-O 13. Nb5 a6 14. Nc7 Rb8 15.
Qb3 Ne8 16. Qb6 Nc4 17. Qa7 Nxc7 18. Qxb8 Nxd6 19. Bf4 1-0

[Event "AUTO-MASTER-1705"]
[Site "http://www.queenalice.com/game.php?id=1089385"]
[Date "2012.8.1"]
[Round "1"]
[White "tariann"]
[Black "fercous"]
[Result "1-0"]
[WhiteElo "2060"]
[BlackElo "1937"]

1. e4 d6 2. d4 Nf6 3. Nc3 g6 4. Nf3 Bg7 5. Bc4 O-O 6. O-O Nxe4 7. Nxe4 d5 8.
Bxd5 Qxd5 9. Re1 Bg4 10. Nc3 Qh5 11. Rxe7 Nc6 12. Re3 Nxd4 13. Rd3 Rad8 14. Ne4
Nxf3+ 15. gxf3 Rxd3 16. Qxd3 Bxf3 17. Ng3 Qd5 18. Qxd5 Bxd5 19. c3 Re8 20. Bf4
Bf3 21. Bxc7 h5 22. a4 Re7 23. Bb8 a6 24. Ba7 Bh6 25. Bd4 h4 26. Nf1 Re4 27. h3
Re2 28. b4 Bg7 29. Bxg7 Kxg7 30. Ne3 Rd2 31. Rc1 f5 32. c4 Ra2 33. a5 Rb2 34. b5
axb5 35. cxb5 Rxb5 36. Ra1 Rc5 37. Ng2 g5 38. Ne1 Be4 39. f3 Bc6 40. Kf2 Rb5 41.
a6 Rb2+ 42. Ke3 bxa6 43. Rxa6 Bb7 44. Ra7 Kf6 45. Nd3 Rb3 46. Kd4 1-0

[Event "AUTO-MASTER-1705"]
[Site "http://www.queenalice.com/game.php?id=1089386"]
[Date "2012.8.1"]
[Round "1"]
[White "fercous"]
[Black "tariann"]
[Result "1-0"]
[WhiteElo "2034"]
[BlackElo "2088"]

1. c4 e5 2. g3 Nf6 3. Bg2 d5 4. cxd5 Nxd5 5. Nc3 c6 6. Nf3 Nd7 7. d4 exd4 8.
Qxd4 N7f6 9. O-O Be7 10. Bg5 O-O 11. Rad1 Nxc3 12. Qxc3 Qc7 13. Qc2 Bg4 14. Bf4
Qc8 15. e4 Rd8 16. Rxd8+ Qxd8 17. Ne5 Be6 18. Rd1 Qb6 19. Be3 Qc7 20. f4 Rd8 21.
b3 Ng4 22. Nxg4 Bxg4 23. Rxd8+ Bxd8 24. Qd2 b6 25. e5 Qd7 26. Bxc6 Qe7 27. Qd6
Qxd6 28. exd6 f6 29. Kg2 Kf7 30. h3 Bd1 31. f5 Bc2 32. g4 g6 33. Bd5+ Kg7 34.
Be6 gxf5 35. gxf5 a6 36. a4 b5 37. axb5 axb5 38. Ba7 Kf8 39. Bb8 Be4+ 40. Kg3
Bc6 41. Bc7 Ke8 42. Kg4 Bd7 43. Kh5 1-0

[Event "AUTO-MASTER-1724"]
[Site "http://www.queenalice.com/game.php?id=1098719"]
[Date "2012.9.1"]
[Round "1"]
[White "tariann"]
[Black "fercous"]
[Result "1-0"]
[WhiteElo "2048"]
[BlackElo "1949"]

1. e4 e6 2. d4 d5 3. Nc3 dxe4 4. Nxe4 Nd7 5. c4 Ngf6 6. Nc3 Be7 7. Nf3 O-O 8.
Bd3 b6 9. O-O Bb7 10. Bf4 c5 11. dxc5 Nxc5 12. Bc2 a6 13. Qe2 Qc8 14. Rad1 Rd8
15. Rxd8+ Bxd8 16. Rd1 Bc7 17. Be5 Bxe5 18. Nxe5 Qc7 19. Ng4 Ncd7 20. Nxf6+ Nxf6
21. Qd3 Qf4 22. Qd8+ Ne8 23. Qxb6 Qc7 24. Qxc7 1-0

[Event "AUTO-MASTER-1724"]
[Site "http://www.queenalice.com/game.php?id=1098720"]
[Date "2012.9.1"]
[Round "1"]
[White "fercous"]
[Black "tariann"]
[Result "1-0"]
[WhiteElo "2014"]
[BlackElo "2107"]

1. c4 c5 2. g3 Nc6 3. Bg2 Nf6 4. Nf3 e6 5. O-O d5 6. cxd5 exd5 7. d4 Bg4 8. dxc5
Bxc5 9. h3 Be6 10. Bg5 O-O 11. Nc3 Be7 12. Nd4 Nxd4 13. Qxd4 a6 14. Rad1 Qa5 15.
a3 Rac8 16. Kh2 Rc4 17. Qd2 d4 18. Nd5 Qxd2 19. Nxe7+ Kh8 20. Rxd2 Re8 21. Bxf6
gxf6 22. Nd5 1-0

[Event "AUTO-MASTER-1724"]
[Site "http://www.queenalice.com/game.php?id=1098735"]
[Date "2012.9.1"]
[Round "1"]
[White "fercous"]
[Black "chessman"]
[Result "0-1"]
[WhiteElo "2061"]
[BlackElo "1881"]

1. c4 c5 2. g3 Nc6 3. Bg2 Nf6 4. Nc3 g6 5. Nf3 Bg7 6. O-O O-O 7. d4 Nxd4 8. e3
Nc6 9. a3 d6 10. Qc2 Bg4 11. h3 Bd7 12. Rd1 a6 13. e4 Qc8 14. Kh2 Rb8 15. Bg5
Nd4 16. Nxd4 cxd4 17. Rxd4 Ng4+ 18. hxg4 Bxd4 19. Nd5 Qc5 20. Bxe7 Rfc8 21. Bf6
Re8 22. Rd1 Bxf2 0-1

[Event "AUTO-MASTER-1724"]
[Site "http://www.queenalice.com/game.php?id=1098736"]
[Date "2012.9.1"]
[Round "1"]
[White "chessman"]
[Black "fercous"]
[Result "0-1"]
[WhiteElo "1838"]
[BlackElo "2046"]

1. e4 e6 2. d4 d5 3. Nc3 dxe4 4. Nxe4 Nd7 5. Bg5 Be7 6. Bxe7 Qxe7 7. Bd3 Ngf6 8.
c3 O-O 9. Nf3 b6 10. Nfd2 Bb7 11. O-O c5 12. dxc5 Nxc5 13. Nxc5 Qxc5 14. Qc2
Rad8 15. Nb3 Qg5 16. f3 Qe3+ 0-1

[Event "AUTO-MASTER-1724"]
[Site "http://www.queenalice.com/game.php?id=1098737"]
[Date "2012.9.1"]
[Round "1"]
[White "fercous"]
[Black "FabioSelinger"]
[Result "0-1"]
[WhiteElo "2054"]
[BlackElo "1937"]

1. c4 b6 2. e4 Bb7 3. Nc3 c5 4. Nf3 e6 5. d4 cxd4 6. Qxd4 Nc6 7. Qd1 Bb4 8. Bd2
Nge7 9. Nb5 Bxd2+ 10. Qxd2 O-O 11. Nd6 Qc7 12. Be2 Nc8 13. b4 Qxd6 14. Qxd6 Nxd6
15. e5 Nf5 16. a3 Ncd4 17. Nxd4 Nxd4 18. Rc1 Nxe2 19. Kxe2 Rac8 20. f3 Rc7 21.
Rhd1 Rd8 22. Rd6 Rdc8 23. Kd3 Bd5 24. c5 bxc5 25. Rxc5 Kf8 26. Rxd7 Rxc5 27.
bxc5 Rxc5 28. Rxa7 Rc8 29. a4 Ra8 30. Rxa8+ Bxa8 31. Kd4 Ke7 32. Kc5 f6 33.
exf6+ gxf6 34. a5 e5 35. a6 Ke6 36. Kc4 h5 37. Kd3 Kf5 38. Ke3 h4 39. Kf2 Kg5
40. Ke3 f5 41. Kf2 e4 42. fxe4 fxe4 43. Ke3 Kf5 44. a7 Ke5 45. g3 hxg3 46. hxg3
Kf5 47. Ke2 Kg4 48. Kf2 Bd5 0-1

[Event "AUTO-MASTER-1724"]
[Site "http://www.queenalice.com/game.php?id=1098738"]
[Date "2012.9.1"]
[Round "1"]
[White "FabioSelinger"]
[Black "fercous"]
[Result "1-0"]
[WhiteElo "1956"]
[BlackElo "2033"]

1. e4 d6 2. d4 Nf6 3. Bd3 g6 4. Nf3 Bg7 5. c3 O-O 6. O-O Bg4 7. Be3 Nbd7 8. Nbd2
e5 9. h3 Bxf3 10. Nxf3 h6 11. Qd2 Kh7 12. Nh2 Re8 13. d5 c6 14. c4 c5 15. b4 b6
16. Rab1 Rc8 17. b5 Ng8 18. f4 f6 19. a4 Rf8 20. f5 g5 21. a5 Ra8 22. Ra1 a6 23.
bxa6 Rxa6 24. axb6 Rxa1 25. Rxa1 Qxb6 26. Rb1 Qc7 27. Nf1 Rb8 28. Rxb8 Nxb8 29.
Qa2 Ne7 30. Ng3 Nc8 31. Qa4 Qd7 32. Qa5 Bf8 33. Bc2 Be7 34. Ba4 Bd8 35. Bxd7
Bxa5 36. Bxc8 Kg7 37. Nh5+ Kf7 38. Kf1 Bb4 39. Ke2 Ba5 40. Bd2 Bd8 41. Kd3 Ke8
42. Kc2 Nd7 43. Bxd7+ Kxd7 44. Kb3 Kc8 45. Ka4 Kb7 46. Ba5 Be7 47. Kb5 Kb8 48.
Kc6 Kc8 49. Nxf6 1-0

[Event "AUTO-MASTER-1742"]
[Site "http://www.queenalice.com/game.php?id=1107802"]
[Date "2012.9.29"]
[Round "1"]
[White "gedalias"]
[Black "fercous"]
[Result "1-0"]
[WhiteElo "2041"]
[BlackElo "1926"]

1. e4 e6 2. d4 d5 3. e5 c5 4. Nf3 Nc6 5. c3 Nge7 6. Bb5 Bd7 7. dxc5 Nxe5 8.
Bxd7+ Nxd7 9. b4 a5 10. a4 axb4 11. cxb4 1-0

[Event "AUTO-MASTER-1742"]
[Site "http://www.queenalice.com/game.php?id=1107803"]
[Date "2012.9.29"]
[Round "1"]
[White "fercous"]
[Black "gedalias"]
[Result "0-1"]
[WhiteElo "1915"]
[BlackElo "2052"]

1. c4 d5 2. cxd5 Qxd5 3. Nc3 Qd8 4. g3 c6 5. Bg2 e5 6. Nf3 Bd6 7. d4 exd4 8.
Qxd4 Qf6 9. Qd3 h6 10. O-O Ne7 0-1

[Event "AUTO-MASTER-1742"]
[Site "http://www.queenalice.com/game.php?id=1107814"]
[Date "2012.9.29"]
[Round "1"]
[White "Artking"]
[Black "fercous"]
[Result "1-0"]
[WhiteElo "1970"]
[BlackElo "2019"]

1. Nf3 Nf6 2. d4 g6 3. c4 d6 4. Nc3 Bg7 5. e3 Nbd7 6. Bd3 e5 7. Be2 O-O 8. O-O
h6 9. Qc2 Re8 10. d5 c6 11. e4 Kh7 12. h3 1-0

[Event "AUTO-MASTER-1742"]
[Site "http://www.queenalice.com/game.php?id=1107815"]
[Date "2012.9.29"]
[Round "1"]
[White "fercous"]
[Black "Artking"]
[Result "0-1"]
[WhiteElo "2038"]
[BlackElo "1951"]

1. c4 Nf6 2. g3 g6 3. Bg2 Bg7 4. Nf3 c6 5. Nc3 d6 6. e4 Nbd7 7. d4 e5 8. O-O O-O
9. h3 Nh5 10. Be3 Qe8 11. dxe5 dxe5 0-1

[Event "AUTO-MASTER-1742"]
[Site "http://www.queenalice.com/game.php?id=1107820"]
[Date "2012.9.29"]
[Round "1"]
[White "Rafale2000"]
[Black "fercous"]
[Result "1-0"]
[WhiteElo "2108"]
[BlackElo "1965"]

1. e4 d6 2. d4 Nf6 3. Nc3 g6 4. Bg5 Bg7 5. Nf3 O-O 6. Bc4 h6 7. Be3 Nxe4 8. Nxe4
d5 9. Bd3 dxe4 10. Bxe4 c6 11. Qd2 1-0

[Event "AUTO-MASTER-1742"]
[Site "http://www.queenalice.com/game.php?id=1107821"]
[Date "2012.9.29"]
[Round "1"]
[White "fercous"]
[Black "Rafale2000"]
[Result "0-1"]
[WhiteElo "1976"]
[BlackElo "2099"]

1. c4 b6 2. e4 c5 3. Nc3 Nc6 4. Nf3 e6 5. d4 cxd4 6. Nxd4 Bb4 7. Be2 Nf6 8. O-O
Bxc3 9. bxc3 Nxe4 10. Ba3 Nxc3 0-1

[Event "AUTO-ADV-2393"]
[Site "http://www.queenalice.com/game.php?id=1107861"]
[Date "2012.9.29"]
[Round "2"]
[White "Rafale2000"]
[Black "fercous"]
[Result "1-0"]
[WhiteElo "2074"]
[BlackElo "2001"]

1. e4 d6 2. d4 Nf6 3. Nc3 Nbd7 4. f4 c6 5. Nf3 g6 6. Bc4 Bg7 7. Ng5 O-O 8. Be3
e6 9. h3 d5 10. Bd3 dxe4 11. Ncxe4 1-0

[Event "AUTO-ADV-2393"]
[Site "http://www.queenalice.com/game.php?id=1107862"]
[Date "2012.9.29"]
[Round "2"]
[White "fercous"]
[Black "Rafale2000"]
[Result "0-1"]
[WhiteElo "1988"]
[BlackElo "2087"]

1. c4 b6 2. e4 Bb7 3. Nc3 c5 4. Nf3 Nc6 5. d4 cxd4 6. Nxd4 g6 7. Be2 Bg7 8. Be3
Nf6 9. Bf3 d6 10. O-O O-O 0-1